| 000 | 01444cam a2200349 a 4500 | ||
|---|---|---|---|
| 005 | 20260322212049.0 | ||
| 008 | data | ||
| 010 | _a 97036944 | ||
| 020 | _a0684823993 (pbk. : alk. paper) | ||
| 020 | _a9780684823997 (pbk. : alk. paper) | ||
| 040 |
_aDLC _cDLC _dDLC |
||
| 050 | 0 | 0 |
_aHF5384 _b.L67 1998 |
| 082 | 0 | 0 |
_a650.14 _221 |
| 092 | _a650.14 L67 1998 | ||
| 100 | 1 | _aLore, Nicholas. | |
| 245 | 1 | 4 |
_aThe Pathfinder : _bhow to choose or change your career for a lifetime of satisfaction and success / _cNicholas Lore. |
| 260 |
_aNew York, NY : _bSimon & Schuster, _cc1998. |
||
| 300 |
_axii, 385 p. : _bill. ; _c23 cm. |
||
| 500 | _a"A Fireside book." | ||
| 500 | _aIncludes index. | ||
| 650 | 0 | _aCareer changes. | |
| 650 | 0 | _aJob satisfaction. | |
| 856 | 4 | 2 |
_3Contributor biographical information _uhttp://www.loc.gov/catdir/bios/simon051/97036944.html |
| 856 | 4 | 2 |
_3Publisher description _uhttp://www.loc.gov/catdir/description/simon031/97036944.html |
| 856 | 4 | 1 |
_3Table of contents only _uhttp://www.loc.gov/catdir/enhancements/fy0631/97036944-t.html |
| 856 | 4 | 1 |
_3Sample text _uhttp://www.loc.gov/catdir/enhancements/fy0641/97036944-s.html |
| 906 |
_a7 _bcbc _corignew _d1 _eocip _f19 _gy-gencatlg |
||
| 920 | _a**LC HAS REQ'D # OF SHELF COPIES** | ||
| 991 |
_bc-GenColl _hHF5384 _i.L67 1998 _p00057195009 _tCopy 1 _wBOOKS |
||
| 001 | data | ||
| 999 |
_c1148 _d1148 |
||